000 00433nam a2200181 i 4500
001 bg
100 1 _aO'MEARA, O. T.
245 0 _aIntroduction to quadratic forms /
_cO.T. O'Meara.
250 _a3rd correct. print.
260 _aBerlin :
_bSpringer,
_c1973.
020 _a3540029842
040 _cBPK
041 _apol
080 _a51
920 _a3-540-02984-2
942 _cKS
008 s pl f |000 0 pol
999 _c15882
_d15882